L' EGLISE AU SIECLE APOSTOLIQUE /
CONTENIDO: V.2 SAINT PAUL.-- V.3 SAINT JEAN
Shranjeno v:
| Glavni avtor: | |
|---|---|
| Format: | Knjiga |
| Teme: | |
| Oznake: |
Brez oznak, prvi označite!
|
MARC
| LEADER | 00000nam^a2200000^a^4500 | ||
|---|---|---|---|
| 001 | 000231294 | ||
| 005 | 20250521000000.0 | ||
| 009 | 20260310104514.014 | ||
| 035 | |a 051797 | ||
| 037 | |a Acervo Xavier Clavigero | ||
| 082 | |a 270. 1 |b FAI | ||
| 100 | |a Faivre, Nazaire |e (autor) | ||
| 245 | 1 | 1 | |a L' EGLISE AU SIECLE APOSTOLIQUE / |c NAZAIRE FAIVRE |
| 264 | |a FRANCE : |b BOURG LA REINE, |c 1958 | ||
| 300 | |a V.- | ||
| 336 | |a texto |b txt |2 rdacontenido | ||
| 337 | |a sin mediación |b n |2 rdamedio | ||
| 338 | |a volumen |b nc |2 rdasoporte | ||
| 520 | |a CONTENIDO: V.2 SAINT PAUL.-- V.3 SAINT JEAN | ||
| 649 | |a XX | ||
| 650 | |a Iglesia - |x Historia - |y Primeros Tiempos | ||
| 650 | |a Apóstoles | ||
| 650 | |a Biblia - |x Nuevo Testamento - |x Epístolas de Juan | ||
| 650 | |a Biblia - |x Nuevo Testamento - |x Epístolas de Pablo | ||
| 910 | |a Fondo General | ||
| 920 | |a Impresos - Libros | ||
| 930 | |a Colección General | ||
| 905 | |a 101 | ||
| 901 | |a 051797 |b IT1 |c ACC |i 051797 |u 20250521 | ||
| 901 | |a 051796 |b IT1 |c ACC |i 051796 |u 20250521 | ||
| 902 | |a https://opac.biblio.iteso.mx/vufind/Record/000231294 | ||